000 00314 a2200157 4500
001 58975
020 _a8570569769
040 _cAnchieta - Pituba
100 _aHeck, Egon
240 1 0 _aPovos indígenas
_lpor
245 1 0 _aPovos indígenas
300 _a79
362 0 _a1999
650 4 _aBrasil
942 _cBK
999 _c58975
_d58975